[Event "HUN-chT2 Maroczy 1819"]
[Site "Hungary"]
[Date "2018.10.07"]
[Round "2.9"]
[White "Csvila, Gabor"]
[Black "Kahn, Evarth"]
[Result "1/2-1/2"]
[WhiteElo "2161"]
[BlackElo "2231"]
[PlyCount "44"]
[EventDate "2018.09.23"]
[EventType "team-tourn"]
[EventRounds "11"]
[EventCountry "HUN"]
[SourceTitle "EXT 2020"]
[Source "ChessBase"]
[SourceDate "2019.10.17"]
[SourceVersion "1"]
[SourceVersionDate "2019.10.17"]
[SourceQuality "1"]
[WhiteTeam "Kisujszallas"]
[BlackTeam "Szigetszentmiklos"]
[WhiteTeamCountry "HUN"]
[BlackTeamCountry "HUN"]

1. d4 Nf6 2. c4 e5 3. dxe5 Ng4 4. Bf4 Nc6 5. Nf3 Bb4+ 6. Nbd2 Qe7 7. e3 Ngxe5 8. Nxe5 Nxe5 9. Be2 b6 10. a3 Bxd2+ 11. Qxd2 Bb7 12. 0-0 d6 13. Qc3 0-0 14. b4 Nd7 15. Rfd1 f5 16. c5 bxc5 17. Bc4+ Kh8 18. Bb5 Nf6 19. bxc5 dxc5 20. Qe5 Rf7 21. Qxe7 Rxe7 22. Bg5 Re6 1/2-1/2

[Event "HUN-chT2 Maroczy 1516"]
[Site "Hungary"]
[Date "2015.11.29"]
[Round "3.8"]
[White "Csvila, Gabor"]
[Black "Kovacs, Klara"]
[Result "1-0"]
[WhiteElo "2212"]
[BlackElo "2129"]
[PlyCount "61"]
[EventDate "2015.10.18"]
[EventType "team-tourn"]
[EventRounds "9"]
[EventCountry "HUN"]
[SourceTitle "CBM 170 Extra"]
[Source "ChessBase"]
[SourceDate "2016.02.25"]
[SourceVersion "1"]
[SourceVersionDate "2016.02.25"]
[SourceQuality "1"]
[WhiteTeam "Kisujszallas"]
[BlackTeam "Penzugyor"]
[WhiteTeamCountry "HUN"]
[BlackTeamCountry "HUN"]

1. d4 e6 2. c4 Nf6 3. Nc3 Bb4 4. Qc2 d5 5. cxd5 exd5 6. Bg5 0-0 7. e3 c6 8. Bd3 h6 9. Bh4 Re8 10. Nge2 Nbd7 11. h3 Nf8 12. 0-0-0 Ne6 13. Kb1 b6 14. g4 Bb7 15. Rdg1 c5 16. g5 hxg5 17. Bxg5 Nxg5 18. Rxg5 Ne4 19. Rg2 cxd4 20. Nxd4 Rc8 21. Rhg1 g6 22. Bxe4 dxe4 23. Qb3 Bxc3 24. Rxg6+ Kf8 25. Rg7 Qf6 26. bxc3 a5 27. Qb5 Bc6 28. Qf5 Qxf5 29. Nxf5 f6 30. Rh7 Bd5 31. Rgg7 1-0

[Event "HUN-chT2 Maroczy 1516"]
[Site "Hungary"]
[Date "2015.11.08"]
[Round "2.6"]
[White "Dombai, Istvan"]
[Black "Csvila, Gabor"]
[Result "1-0"]
[WhiteElo "2213"]
[BlackElo "2212"]
[PlyCount "125"]
[EventDate "2015.10.18"]
[EventType "team-tourn"]
[EventRounds "9"]
[EventCountry "HUN"]
[SourceTitle "CBM 170 Extra"]
[Source "ChessBase"]
[SourceDate "2016.02.25"]
[SourceVersion "1"]
[SourceVersionDate "2016.02.25"]
[SourceQuality "1"]
[WhiteTeam "Szigetszentmiklos"]
[BlackTeam "Kisujszallas"]
[WhiteTeamCountry "HUN"]
[BlackTeamCountry "HUN"]

1. d4 Nf6 2. Nf3 g6 3. g3 Bg7 4. Bg2 0-0 5. 0-0 d6 6. c4 Nc6 7. Nc3 a6 8. Qc2 Bf5 9. e4 Bg4 10. Be3 Rb8 11. Rad1 Nd7 12. h3 Bxf3 13. Bxf3 e5 14. dxe5 dxe5 15. Nd5 Nd4 16. Bxd4 exd4 17. Bg2 c6 18. Nf4 Qe7 19. Rfe1 Rfd8 20. Nd3 Ne5 21. f4 Nxd3 22. Qxd3 b5 23. b3 Qc5 24. Rc1 Qb4 25. Re2 Rbc8 26. e5 Kh8 27. Kh2 a5 28. h4 a4 29. h5 axb3 30. axb3 Qa3 31. Rcc2 bxc4 32. Rxc4 Rb8 33. Rxd4 Rxd4 34. Qxd4 c5 35. Qd6 Qxb3 36. hxg6 hxg6 37. Bd5 Qb5 38. Rc2 Qe8 39. Qxc5 g5 40. Qc7 gxf4 41. gxf4 Bh6 42. Rf2 Qd8 43. Qxd8+ Rxd8 44. Bxf7 Kg7 45. Be6 Rd4 46. Kg3 Re4 47. Kg4 Bxf4 48. Rxf4 Rxe5 49. Bf5 Re1 50. Kg5 Rc1 51. Ra4 Rc7 52. Rh4 Rc1 53. Rh7+ Kg8 54. Ra7 Rc6 55. Bg6 Rc1 56. Bf5 Rc6 57. Bh7+ Kf8 58. Be4 Rb6 59. Kf5 Kg8 60. Bd5+ Kh8 61. Be6 Rb2 62. Kf6 Rb6 63. Ra1 1-0

[Event "HUN-chT2 Maroczy 1314"]
[Site "Hungary"]
[Date "2014.02.02"]
[Round "6"]
[White "Csvila, Gabor"]
[Black "Pap, Peter"]
[Result "1-0"]
[WhiteElo "2219"]
[BlackElo "2119"]
[PlyCount "97"]
[EventDate "2013.09.08"]
[EventType "team-tourn"]
[EventRounds "11"]
[EventCountry "HUN"]
[SourceTitle "EXT 2016"]
[Source "ChessBase"]
[SourceDate "2015.10.08"]
[SourceVersion "1"]
[SourceVersionDate "2015.10.08"]
[SourceQuality "1"]
[WhiteTeam "Kisujszallas"]
[BlackTeam "Szeged Maroczy"]
[WhiteTeamCountry "HUN"]
[BlackTeamCountry "HUN"]

1. d4 d6 2. c4 e5 3. d5 g6 4. e4 Bg7 5. Nc3 Ne7 6. Bd3 Nd7 7. Nge2 f5 8. exf5 gxf5 9. f4 Nf6 10. 0-0 c6 11. fxe5 dxe5 12. Ng3 e4 13. Be2 cxd5 14. cxd5 Nexd5 15. Nxf5 Bxf5 16. Rxf5 Nxc3 17. Bh5+ Ke7 18. bxc3 Qxd1+ 19. Bxd1 Rad8 20. Bb3 Rd3 21. Ba3+ Kd7 22. Raf1 Kc7 23. Rxf6 Bxf6 24. Rxf6 Rhd8 25. Rf7+ R8d7 26. Rxd7+ Kxd7 27. Bc5 Rxc3 28. Bxa7 e3 29. Kf1 Rd3 30. h4 Ke7 31. g4 Rd2 32. Bxe3 Rh2 33. Kg1 Re2 34. Bf2 Kf8 35. Kg2 Kg7 36. Kf3 Rd2 37. Be3 Rd8 38. g5 Re8 39. Bf4 Re1 40. Kg4 Rg1+ 41. Bg3 h5+ 42. Kf3 Rf1+ 43. Ke4 Kg6 44. Bd5 Rb1 45. Ke5 Rb4 46. Be4+ Kg7 47. Kf5 Rb5+ 48. Be5+ Kg8 49. g6 1-0

[Event "HUN-chT2 Maroczy 1213"]
[Site "Hungary"]
[Date "2013.04.21"]
[Round "11"]
[White "Csvila, Gabor"]
[Black "Torok, Sandor"]
[Result "1/2-1/2"]
[WhiteElo "2222"]
[BlackElo "2292"]
[PlyCount "65"]
[EventDate "2012.09.16"]
[EventType "team-tourn"]
[EventRounds "11"]
[EventCountry "HUN"]
[SourceTitle "EXT 2014"]
[Source "ChessBase"]
[SourceDate "2013.11.20"]
[SourceVersion "1"]
[SourceVersionDate "2013.11.20"]
[SourceQuality "1"]
[WhiteTeam "Kisujszallas"]
[BlackTeam "Vasas"]
[WhiteTeamCountry "HUN"]
[BlackTeamCountry "HUN"]

1. d4 Nf6 2. c4 e6 3. Nc3 Bb4 4. Qc2 d5 5. cxd5 exd5 6. Bg5 h6 7. Bxf6 Qxf6 8. a3 Bxc3+ 9. Qxc3 0-0 10. Nf3 Nc6 11. e3 a6 12. Be2 Qe7 13. 0-0 Bf5 14. Rac1 Rfd8 15. Qc5 Kf8 16. b4 f6 17. Qxe7+ Kxe7 18. Rc3 Kd6 19. Rfc1 Rdc8 20. Nd2 Bd7 21. Nb3 b6 22. f3 f5 23. Kf2 Nd8 24. Bd3 Nb7 25. e4 fxe4 26. fxe4 c6 27. e5+ Ke6 28. Ke3 a5 29. bxa5 Nxa5 30. Nxa5 Rxa5 31. Rb1 Rca8 32. Rxb6 Rxa3 33. Rxa3 1/2-1/2

[Event "HUN-chT2 Maroczy 1213"]
[Site "Hungary"]
[Date "2013.04.07"]
[Round "10"]
[White "Juhasz, Armin"]
[Black "Csvila, Gabor"]
[Result "1-0"]
[WhiteElo "2207"]
[BlackElo "2222"]
[PlyCount "67"]
[EventDate "2012.09.16"]
[EventType "team-tourn"]
[EventRounds "11"]
[EventCountry "HUN"]
[SourceTitle "EXT 2014"]
[Source "ChessBase"]
[SourceDate "2013.11.20"]
[SourceVersion "1"]
[SourceVersionDate "2013.11.20"]
[SourceQuality "1"]
[WhiteTeam "Sarkany"]
[BlackTeam "Kisujszallas"]
[WhiteTeamCountry "HUN"]
[BlackTeamCountry "HUN"]

1. d4 Nf6 2. c4 g6 3. Nc3 Bg7 4. e4 d6 5. Be2 0-0 6. Bg5 Nbd7 7. Qd2 c5 8. d5 b5 9. cxb5 a6 10. bxa6 Bxa6 11. Bxa6 Rxa6 12. Nf3 Qa8 13. 0-0 Rb8 14. Rfe1 Nb6 15. b3 c4 16. Rab1 Ra3 17. Nd4 cxb3 18. axb3 Nbd7 19. Bh6 Nc5 20. Bxg7 Kxg7 21. b4 Ncd7 22. Nc6 Re8 23. Qd4 Qb7 24. Ra1 Rxa1 25. Rxa1 Qb6 26. Qxb6 Nxb6 27. f3 e6 28. dxe6 fxe6 29. Ra7+ Kh6 30. b5 d5 31. Rb7 Nc4 32. Rf7 Nh5 33. g4 dxe4 34. Nxe4 1-0

[Event "HUN-chT2 Maroczy 1213"]
[Site "Hungary"]
[Date "2013.02.17"]
[Round "7"]
[White "Papp, Gellert"]
[Black "Csvila, Gabor"]
[Result "1/2-1/2"]
[WhiteElo "2337"]
[BlackElo "2222"]
[PlyCount "22"]
[EventDate "2012.09.16"]
[EventType "team-tourn"]
[EventRounds "11"]
[EventCountry "HUN"]
[SourceTitle "EXT 2014"]
[Source "ChessBase"]
[SourceDate "2013.11.20"]
[SourceVersion "1"]
[SourceVersionDate "2013.11.20"]
[SourceQuality "1"]
[WhiteTeam "Hobagoly"]
[BlackTeam "Kisujszallas"]
[WhiteTeamCountry "HUN"]
[BlackTeamCountry "HUN"]

1. e4 c5 2. Nf3 d6 3. d4 cxd4 4. Nxd4 Nf6 5. Nc3 g6 6. Be2 Bg7 7. 0-0 0-0 8. Bg5 Nc6 9. Nb3 a5 10. a4 Be6 11. f4 Bxb3 1/2-1/2

[Event "HUN-chT2 Maroczy 1213"]
[Site "Hungary"]
[Date "2013.01.27"]
[Round "6"]
[White "Csvila, Gabor"]
[Black "Kopasz, Robert"]
[Result "0-1"]
[WhiteElo "2222"]
[BlackElo "2307"]
[PlyCount "108"]
[EventDate "2012.09.16"]
[EventType "team-tourn"]
[EventRounds "11"]
[EventCountry "HUN"]
[SourceTitle "EXT 2014"]
[Source "ChessBase"]
[SourceDate "2013.11.20"]
[SourceVersion "1"]
[SourceVersionDate "2013.11.20"]
[SourceQuality "1"]
[WhiteTeam "Kisujszallas"]
[BlackTeam "Maroczy"]
[WhiteTeamCountry "HUN"]
[BlackTeamCountry "HUN"]

1. d4 g6 2. c4 Bg7 3. Nc3 d6 4. e4 Nd7 5. Be3 e5 6. d5 Ne7 7. g4 0-0 8. g5 f5 9. f3 Nc5 10. b4 Na6 11. a3 c6 12. Qd2 cxd5 13. cxd5 Bd7 14. Bd3 Nc8 15. h4 Nb6 16. Rc1 f4 17. Bf2 h6 18. gxh6 Bxh6 19. Ke2 Kf7 20. Nh3 Bxh3 21. Rxh3 Rh8 22. Rhh1 Bg7 23. Nb5 Bf6 24. Rcg1 Nc8 25. Qe1 Nc7 26. h5 gxh5 27. Qf1 Nxb5 28. Bxb5 Ne7 29. Qh3 Qc8 30. Bd7 Qc4+ 31. Kd1 Qd3+ 32. Ke1 Qc3+ 33. Kf1 Qd3+ 34. Kg2 Rag8+ 35. Kh2 Rg6 36. Qe6+ Kg7 37. Rxg6+ Nxg6 38. Qh3 Qe2 39. Qg2 Kh6 40. Be6 Rh7 41. Bxa7 Qxg2+ 42. Kxg2 Rc7 43. Rf1 Rc3 44. a4 Nh4+ 45. Kh1 Rc4 46. b5 Rxa4 47. Bb8 Rb4 48. Bd7 Rb3 49. Bxd6 Nxf3 50. Rxf3 Rxf3 51. b6 Rb3 52. Bc7 f3 53. Bh3 Rb1+ 54. Kh2 f2 0-1

[Event "HUN-chT2 Maroczy 1213"]
[Site "Hungary"]
[Date "2012.10.07"]
[Round "2"]
[White "Csvila, Gabor"]
[Black "Arbutina, Sinisa"]
[Result "0-1"]
[WhiteElo "2222"]
[BlackElo "2280"]
[PlyCount "104"]
[EventDate "2012.09.16"]
[EventType "team-tourn"]
[EventRounds "11"]
[EventCountry "HUN"]
[SourceTitle "EXT 2014"]
[Source "ChessBase"]
[SourceDate "2013.11.20"]
[SourceVersion "1"]
[SourceVersionDate "2013.11.20"]
[SourceQuality "1"]
[WhiteTeam "Kisujszallas"]
[BlackTeam "Roeszke"]
[WhiteTeamCountry "HUN"]
[BlackTeamCountry "HUN"]

1. d4 d5 2. Nf3 Nf6 3. Bf4 Bf5 4. e3 e6 5. Be2 Bd6 6. Ne5 h6 7. Nd2 0-0 8. 0-0 c5 9. dxc5 Bxc5 10. Bd3 Bxd3 11. cxd3 Qb6 12. Nb3 Be7 13. Rc1 a5 14. Qe2 Na6 15. Rc3 Nb4 16. Nc1 Rfc8 17. a3 Nc6 18. Qc2 Na7 19. Ne2 Rxc3 20. Qxc3 Rc8 21. Qd2 Nh5 22. Rc1 Rxc1+ 23. Qxc1 Nxf4 24. Nxf4 Bd6 25. d4 Qb3 26. Nf3 Bxf4 27. exf4 Nc6 28. h3 Qd3 29. Ne5 Nxe5 30. dxe5 Qc4 31. Qd2 b5 32. g3 b4 33. axb4 axb4 34. Kg2 b3 35. h4 h5 36. Kg1 d4 37. f3 d3 38. Kf2 Qd4+ 39. Kf1 g6 40. Qf2 Qc4 41. Qd2 Qc2 42. Ke1 Kg7 43. g4 Kh7 44. f5 exf5 45. gxf5 gxf5 46. f4 Kg7 47. Qe3 Qb1+ 48. Kd2 Qxb2+ 49. Kxd3 Qc2+ 50. Kd4 Qe4+ 51. Qxe4 fxe4 52. Kc3 e3 0-1

[Event "HUN-chT2 Erkel 1112"]
[Site "Hungary"]
[Date "2012.05.20"]
[Round "11.6"]
[White "Csvila, Gabor"]
[Black "Demjen, Attila"]
[Result "0-1"]
[WhiteElo "2214"]
[BlackElo "2021"]
[PlyCount "76"]
[EventDate "2011.09.25"]
[EventType "team-tourn"]
[EventRounds "11"]
[EventCountry "HUN"]
[SourceTitle "EXT 2013"]
[Source "ChessBase"]
[SourceDate "2012.11.22"]
[SourceVersion "1"]
[SourceVersionDate "2012.11.22"]
[SourceQuality "1"]
[WhiteTeam "Ujszasz"]
[BlackTeam "Honved II"]
[WhiteTeamCountry "HUN"]
[BlackTeamCountry "HUN"]

1. d4 d5 2. c4 dxc4 3. e4 e6 4. Bxc4 c6 5. Nf3 Nf6 6. Nc3 Be7 7. 0-0 0-0 8. Bb3 Na6 9. Be3 Nc7 10. Ne5 Nd7 11. f4 Nxe5 12. fxe5 Bg5 13. Qd2 Bxe3+ 14. Qxe3 Kh8 15. Rf3 b6 16. Rh3 a5 17. Rf1 Nb5 18. Nxb5 cxb5 19. Rf4 Qg5 20. Qf3 Ra7 21. Rh5 Qg6 22. Qh3 h6 23. Rfh4 Kg8 24. Rg4 Rc7 25. g3 Rc1+ 26. Kf2 a4 27. Ke3 axb3 28. axb3 Rc2 29. Rxg6 fxg6 30. Rh4 g5 31. Rh5 b4 32. Qg4 Rxb2 33. h4 Rxb3+ 34. Kd2 Rf2+ 35. Kc1 Rc3+ 36. Kd1 Ra3 37. Ke1 Rh2 38. hxg5 Ra1+ 0-1

[Event "HUN-chT2 Erkel 1112"]
[Site "Hungary"]
[Date "2012.05.06"]
[Round "10"]
[White "Ritter, Gabor"]
[Black "Csvila, Gabor"]
[Result "1/2-1/2"]
[WhiteElo "2088"]
[BlackElo "2214"]
[PlyCount "102"]
[EventDate "2011.09.25"]
[EventType "team-tourn"]
[EventRounds "11"]
[EventCountry "HUN"]
[SourceTitle "EXT 2013"]
[Source "ChessBase"]
[SourceDate "2012.11.22"]
[SourceVersion "1"]
[SourceVersionDate "2012.11.22"]
[SourceQuality "1"]
[WhiteTeam "Vizugy"]
[BlackTeam "Ujszasz"]
[WhiteTeamCountry "HUN"]
[BlackTeamCountry "HUN"]

1. b3 Nf6 2. Bb2 g6 3. e4 d6 4. g3 Bg7 5. Bg2 c5 6. Ne2 Nc6 7. 0-0 0-0 8. d4 cxd4 9. Nxd4 Qb6 10. Nxc6 bxc6 11. c4 Be6 12. Nc3 Rfd8 13. Na4 Qa6 14. Qc2 Rac8 15. Rfd1 Nd7 16. Bxg7 Kxg7 17. h3 Nb6 18. Qb2+ f6 19. Nc3 Qa5 20. Ne2 Qe5 21. Qa3 Rc7 22. Nf4 Bf7 23. Rac1 Rcd7 24. Nd3 Qh5 25. Nf4 Qc5 26. Qxc5 dxc5 27. Rxd7 Rxd7 28. Rc2 Rd1+ 29. Bf1 a5 30. Kg2 a4 31. bxa4 Nxa4 32. Nd3 e5 33. Be2 Rb1 34. Bg4 Kf8 35. f4 exf4 36. gxf4 Ke7 37. e5 Nb6 38. exf6+ Kxf6 39. Ne5 Rb4 40. Be2 Ra4 41. Bd3 Be6 42. h4 Bf5 43. Kf3 Bxd3 44. Nxd3 Nxc4 45. Nxc5 Ra3+ 46. Nb3 Na5 47. Ke4 Nxb3 48. Rxc6+ Kg7 49. axb3 Rxb3 50. h5 Rb4+ 51. Kf3 Rb5 1/2-1/2

[Event "HUN-chT2 Erkel 1112"]
[Site "Hungary"]
[Date "2012.02.19"]
[Round "6.4"]
[White "Csvila, Gabor"]
[Black "Repasi, Zoltan Jr"]
[Result "1-0"]
[WhiteElo "2214"]
[BlackElo "2188"]
[PlyCount "41"]
[EventDate "2011.09.25"]
[EventType "team-tourn"]
[EventRounds "11"]
[EventCountry "HUN"]
[SourceTitle "EXT 2013"]
[Source "ChessBase"]
[SourceDate "2012.11.22"]
[SourceVersion "1"]
[SourceVersionDate "2012.11.22"]
[SourceQuality "1"]
[WhiteTeam "Ujszasz"]
[BlackTeam "Dunaharaszti"]
[WhiteTeamCountry "HUN"]
[BlackTeamCountry "HUN"]

1. d4 d5 2. Nf3 c6 3. Bf4 Bf5 4. e3 e6 5. Nbd2 Nf6 6. Be2 Nbd7 7. Nh4 Ne4 8. Nxf5 exf5 9. f3 Nxd2 10. Qxd2 Nf6 11. Bd3 Qd7 12. 0-0-0 Be7 13. Be5 0-0 14. h3 c5 15. dxc5 Rfc8 16. g4 Qa4 17. Kb1 Rxc5 18. b3 Qe8 19. Bd4 fxg4 20. hxg4 h6 21. g5 1-0

[Event "HUN-chT2 Erkel 1011"]
[Site "Hungary"]
[Date "2011.05.15"]
[Round "11.7"]
[White "Marta, Dominik"]
[Black "Csvila, Gabor"]
[Result "0-1"]
[WhiteElo "1737"]
[BlackElo "2174"]
[PlyCount "52"]
[EventDate "2010.09.12"]
[EventType "team-tourn"]
[EventRounds "11"]
[EventCountry "HUN"]
[SourceTitle "EXT 2012"]
[Source "ChessBase"]
[SourceDate "2011.11.24"]
[SourceVersion "1"]
[SourceVersionDate "2011.11.24"]
[SourceQuality "1"]
[WhiteTeam "Toth Laszlo"]
[BlackTeam "Ujszasz"]
[WhiteTeamCountry "HUN"]
[BlackTeamCountry "HUN"]

1. d4 Nf6 2. Nf3 g6 3. e3 Bg7 4. Bd3 0-0 5. b3 d6 6. Bb2 Nbd7 7. Nbd2 e5 8. dxe5 Ng4 9. Rb1 Ndxe5 10. Nxe5 Nxe5 11. Nc4 Qg5 12. 0-0 Bg4 13. Be2 Nxc4 14. bxc4 Bxe2 15. Qxe2 Bxb2 16. Rxb2 b6 17. Rd1 Qf6 18. Rb3 Rfe8 19. Qd3 Re5 20. Qd4 Qe6 21. Rbd3 Re8 22. Qc3 f5 23. Rd4 Re4 24. Rxe4 Qxe4 25. Rd4 Qe5 26. Qb3 Qxd4 0-1

[Event "HUN-chT2 Erkel 1011"]
[Site "Hungary"]
[Date "2010.10.10"]
[Round "3.6"]
[White "Csvila, Gabor"]
[Black "Trajber, Csaba"]
[Result "1-0"]
[WhiteElo "2174"]
[BlackElo "2086"]
[PlyCount "73"]
[EventDate "2010.09.12"]
[EventType "team-tourn"]
[EventRounds "11"]
[EventCountry "HUN"]
[SourceTitle "EXT 2012"]
[Source "ChessBase"]
[SourceDate "2011.11.24"]
[SourceVersion "1"]
[SourceVersionDate "2011.11.24"]
[SourceQuality "1"]
[WhiteTeam "Ujszasz"]
[BlackTeam "Vaci"]
[WhiteTeamCountry "HUN"]
[BlackTeamCountry "HUN"]

1. d4 d5 2. c4 c6 3. Nf3 Nf6 4. Nc3 e6 5. Bg5 h6 6. Bxf6 Qxf6 7. e3 g6 8. Be2 Bg7 9. 0-0 0-0 10. e4 dxe4 11. Nxe4 Qe7 12. Qc2 Nd7 13. Rfd1 b6 14. c5 bxc5 15. dxc5 Rb8 16. Rab1 Nf6 17. Nxf6+ Qxf6 18. b4 Qe7 19. Rd6 Qc7 20. a3 a5 21. Qe4 Bb7 22. Ne5 Rbd8 23. Rbd1 axb4 24. axb4 Bxe5 25. Qxe5 Qb8 26. Qf6 Rxd6 27. Rxd6 Bc8 28. Rd4 Qc7 29. h4 e5 30. Rd6 h5 31. Bc4 Kh7 32. Bd3 Rg8 33. Qxe5 f5 34. Qf6 Bd7 35. Bc4 Rg7 36. Bf7 Bc8 37. Bxg6+ 1-0

[Event "Berekfurdo op-A 4th"]
[Site "Berekfurdo"]
[Date "2010.09.03"]
[Round "2"]
[White "Csvila, Gabor"]
[Black "Peredy, Ferenc"]
[Result "0-1"]
[WhiteElo "2174"]
[BlackElo "2185"]
[PlyCount "52"]
[EventDate "2010.09.02"]
[EventType "swiss"]
[EventRounds "7"]
[EventCountry "HUN"]
[SourceTitle "CBM 138 Extra"]
[Source "ChessBase"]
[SourceDate "2010.10.29"]
[SourceVersion "1"]
[SourceVersionDate "2010.10.29"]
[SourceQuality "1"]

1. d3 d5 2. f4 g6 3. Nf3 Bg7 4. g3 b6 5. Bg2 Bb7 6. 0-0 Nd7 7. c3 Ngf6 8. Ne5 0-0 9. Nxd7 Qxd7 10. Nd2 Rad8 11. Nf3 c5 12. Ne5 Qc7 13. Qc2 Ne8 14. Ng4 d4 15. Bxb7 Qxb7 16. c4 Nd6 17. Rb1 Nf5 18. Qa4 Rd6 19. b4 Re6 20. Re1 h5 21. Nf2 cxb4 22. Qxb4 h4 23. g4 h3 24. Nxh3 Nh4 25. e4 dxe3 26. Re2 Qf3 0-1

[Event "HUN-chT2 Erkel 0910"]
[Site "Hungary"]
[Date "2010.03.21"]
[Round "8.7"]
[White "Csvila, Gabor"]
[Black "Czegledi, Laszlo"]
[Result "1/2-1/2"]
[WhiteElo "2167"]
[BlackElo "2172"]
[PlyCount "54"]
[EventDate "2009.11.08"]
[EventType "team-tourn"]
[EventRounds "11"]
[EventCountry "HUN"]
[SourceTitle "EXT 2011"]
[Source "ChessBase"]
[SourceDate "2010.11.26"]
[SourceVersion "1"]
[SourceVersionDate "2010.11.26"]
[SourceQuality "1"]
[WhiteTeam "Ujszasz"]
[BlackTeam "Jaszbereny"]
[WhiteTeamCountry "HUN"]
[BlackTeamCountry "HUN"]

1. d4 d5 2. c4 e6 3. Nc3 c6 4. cxd5 exd5 5. Nf3 Nf6 6. Bg5 Be7 7. e3 Nbd7 8. Bd3 0-0 9. Qc2 Re8 10. 0-0 h6 11. Bh4 Ne4 12. Bxe7 Qxe7 13. Bxe4 dxe4 14. Nd2 f5 15. Rab1 Nf6 16. b4 Be6 17. Rfc1 Rac8 18. Ne2 b6 19. Qb2 Rc7 20. Rc2 Rec8 21. Rbc1 Nd5 22. a3 Bf7 23. Nc3 Nf6 24. Ne2 Nd5 25. Nc3 Nf6 26. Ne2 Nd5 27. Nc3 Nf6 1/2-1/2

[Event "HUN-chT2 Erkel 0910"]
[Site "Hungary"]
[Date "2010.02.28"]
[Round "7.7"]
[White "Horkai, Andras"]
[Black "Csvila, Gabor"]
[Result "0-1"]
[WhiteElo "2045"]
[BlackElo "2167"]
[PlyCount "144"]
[EventDate "2009.11.08"]
[EventType "team-tourn"]
[EventRounds "11"]
[EventCountry "HUN"]
[SourceTitle "EXT 2011"]
[Source "ChessBase"]
[SourceDate "2010.11.26"]
[SourceVersion "1"]
[SourceVersionDate "2010.11.26"]
[SourceQuality "1"]
[WhiteTeam "Vizugy"]
[BlackTeam "Ujszasz"]
[WhiteTeamCountry "HUN"]
[BlackTeamCountry "HUN"]

1. d4 Nf6 2. c4 g6 3. Nc3 Bg7 4. e4 d6 5. Nf3 0-0 6. Be2 Nbd7 7. 0-0 e5 8. d5 Nc5 9. Qc2 a5 10. Be3 b6 11. Bxc5 bxc5 12. a4 Ne8 13. h3 f5 14. exf5 gxf5 15. Qd2 h6 16. Nh2 Qh4 17. f4 e4 18. Nb5 Kh7 19. Ra3 Rg8 20. Kh1 Bd7 21. Rb3 Bxb5 22. Rxb5 Bd4 23. Rb3 Qe7 24. Qc2 Nf6 25. Bd1 Rg6 26. g4 Rag8 27. Rg3 Kh8 28. Rg2 Qd7 29. Qe2 R6g7 30. b3 Qe7 31. Qe1 Nd7 32. Bc2 Nb8 33. h4 fxg4 34. Qxe4 Qxe4 35. Bxe4 Re7 36. Bf5 h5 37. Be6 Rf8 38. Nxg4 hxg4 39. Rxg4 Rg7 40. Rg5 Bf6 41. Kg2 Bxg5 42. hxg5 Nd7 43. Rf3 Nf6 44. Rh3+ Rh7 45. gxf6 Rxh3 46. Kxh3 Rxf6 47. f5 Kg7 48. Kg4 Kh6 49. Kf4 Rf8 50. Kg4 Rf6 51. Kf4 Kh5 52. Bg8 Rf8 53. Be6 Kh6 54. Bd7 Rb8 55. Bb5 Kg7 56. Kg5 Kf7 57. f6 Rg8+ 58. Kf5 Rg1 59. Bd7 Rf1+ 60. Kg5 Rxf6 61. Kg4 Rf1 62. Kg5 Rb1 63. Kf4 Rxb3 64. Ke4 Kf6 65. Bc6 Rb4 66. Kd3 Ke5 67. Kc3 Ke4 68. Be8 Ke3 69. Bd7 Rb1 70. Kc2 Rg1 71. Kc3 Rc1+ 72. Kb3 Kd4 0-1

[Event "HUN-chT2 Erkel 0910"]
[Site "Hungary"]
[Date "2010.01.31"]
[Round "5.8"]
[White "Csvila, Gabor"]
[Black "Feher, Attila"]
[Result "0-1"]
[WhiteElo "2167"]
[BlackElo "2137"]
[PlyCount "72"]
[EventDate "2009.11.08"]
[EventType "team-tourn"]
[EventRounds "11"]
[EventCountry "HUN"]
[SourceTitle "EXT 2011"]
[Source "ChessBase"]
[SourceDate "2010.11.26"]
[SourceVersion "1"]
[SourceVersionDate "2010.11.26"]
[SourceQuality "1"]
[WhiteTeam "Ujszasz"]
[BlackTeam "Husi"]
[WhiteTeamCountry "HUN"]
[BlackTeamCountry "HUN"]

1. d4 Nf6 2. c4 c5 3. d5 b5 4. cxb5 a6 5. e3 e6 6. Nc3 Bb7 7. e4 axb5 8. Bxb5 Qa5 9. Nge2 Nxe4 10. 0-0 Nd6 11. Bd3 Na6 12. Nf4 Nb4 13. Bb1 Be7 14. a3 e5 15. Re1 exf4 16. axb4 Qxa1 17. bxc5 Kd8 18. Bxf4 Qxb2 19. cxd6 Bf6 20. Ne4 Re8 21. Re2 Qb5 22. Qc1 Bc6 23. dxc6 dxc6 24. Re1 Ra1 25. h3 Bd4 26. Qc2 f5 27. Bg5+ Kd7 28. Qd1 Rxe4 29. Be3 g6 30. Kh2 Be5+ 31. g3 Rb4 32. Bxf5+ gxf5 33. Qh5 Rxe1 34. Qf7+ Kxd6 35. Bg5 Rh1+ 36. Kxh1 Qf1+ 0-1

[Event "Harkany Tenkes Cup 33rd"]
[Site "Harkany"]
[Date "2009.12.01"]
[Round "6"]
[White "Csvila, Gabor"]
[Black "Kiraly, Zoltan"]
[Result "1-0"]
[WhiteElo "2174"]
[BlackElo "2024"]
[PlyCount "75"]
[EventDate "2009.11.26"]
[EventType "swiss"]
[EventRounds "9"]
[EventCountry "HUN"]
[SourceTitle "EXT 2011"]
[Source "ChessBase"]
[SourceDate "2010.11.26"]
[SourceVersion "1"]
[SourceVersionDate "2010.11.26"]
[SourceQuality "1"]

1. d3 d5 2. Nf3 Nf6 3. g3 g6 4. Bg2 Bg7 5. 0-0 0-0 6. Nbd2 Nbd7 7. c4 c6 8. Rb1 b6 9. b4 Bb7 10. Bb2 Re8 11. Ne5 Nxe5 12. Bxe5 e6 13. Qb3 Ng4 14. Bxg7 Kxg7 15. h3 Nf6 16. d4 Qe7 17. e3 e5 18. dxe5 Qxe5 19. cxd5 Nxd5 20. Nf3 Qf6 21. Nd4 Re5 22. Rbc1 h5 23. Rfd1 h4 24. g4 Rc8 25. a3 b5 26. Qb2 Ree8 27. Kh1 Kh7 28. Rd2 Nb6 29. Nb3 Qxb2 30. Rxb2 Nc4 31. Ra2 Rcd8 32. a4 a6 33. Nc5 Ba8 34. Nxa6 Rd7 35. Nc5 Rd2 36. Rxd2 Nxd2 37. Rd1 Nc4 38. a5 1-0

[Event "HUN-chT2 Erkel 0910"]
[Site "Hungary"]
[Date "2009.11.08"]
[Round "1.8"]
[White "Csvila, Gabor"]
[Black "Balka, Richard"]
[Result "1/2-1/2"]
[WhiteElo "2167"]
[BlackElo "2088"]
[PlyCount "43"]
[EventDate "2009.11.08"]
[EventType "team-tourn"]
[EventRounds "11"]
[EventCountry "HUN"]
[SourceTitle "EXT 2011"]
[Source "ChessBase"]
[SourceDate "2010.11.26"]
[SourceVersion "1"]
[SourceVersionDate "2010.11.26"]
[SourceQuality "1"]
[WhiteTeam "Ujszasz"]
[BlackTeam "Budapest MTK"]
[WhiteTeamCountry "HUN"]
[BlackTeamCountry "HUN"]

1. d3 d5 2. Nf3 c5 3. g3 Nc6 4. Bg2 g6 5. 0-0 Bg7 6. Nbd2 Nf6 7. e4 dxe4 8. dxe4 0-0 9. Qe2 e5 10. c3 Qe7 11. Nc4 b6 12. Ne3 Rd8 13. Nd5 Nxd5 14. exd5 Rxd5 15. Nd2 Rd6 16. Ne4 Re6 17. Ng5 Rd6 18. Ne4 Re6 19. Ng5 Rd6 20. Ne4 Re6 21. Ng5 Rd6 22. Ne4 1/2-1/2